000 00901cam a2200241 4500
001 WB3630-10
008 000000n2000 000 0 eng u
035 _a(Sirsi) u107458
245 _aEnvironmental pollution
260 _c2000
490 _aObserver Cash
_v30 July 2000, 8(2)
520 _aA new internet service could cause an upset in the property market. By looking at the Homecheck website, potential homebuyers can check pollution levels, contaminated land, subsidence risk and radon gas levels for a particular street. The site is aimed at conveyancers but access is available to everyone. http://www.homecheck.co.uk
590 _aWB
650 _aPOLLUTION
650 _aCONTAMINATED LAND
650 _aAIR QUALITY
650 _aRADON
650 _aHOMECHECK
650 _aSUBSIDENCE
650 _aHOMEBUYERS
690 _aENVIRONMENTAL AND LAND CONSULTANCY
942 _n0
999 _c64234
_d64234